[Event "PRVA LIGA  CENTRALNE SRBIJE"]
[Site "Vrnjacka Banja"]
[Date "2012.10.01"]
[Round "4.1"]
[White "Chatalbashev, Boris"]
[Black "Pap, Gyula"]
[Result "1/2-1/2"]
[WhiteElo "2549"]
[BlackElo "2569"]
[PlyCount "39"]
[EventDate "2012.09.29"]

1. d4 d5 2. c4 c6 3. Nf3 Nf6 4. e3 Bf5 5. Nc3 e6 6. Bd3 Bxd3 7. Qxd3 Nbd7 8.
O-O Be7 9. Rd1 O-O 10. b3 Qa5 11. Bd2 Qa6 12. a4 Bb4 13. a5 Bxc3 14. Bxc3 c5
15. Ne5 Rac8 16. Nxd7 Nxd7 17. e4 dxc4 18. bxc4 cxd4 19. Qxd4 Nf6 20. c5
1/2-1/2

[Event "PRVA LIGA  CENTRALNE SRBIJE"]
[Site "Vrnjacka Banja"]
[Date "2012.10.01"]
[Round "4.1"]
[White "Martinovic, Slobodan"]
[Black "Indjic, Aleksandar"]
[Result "0-1"]
[WhiteElo "2447"]
[BlackElo "2494"]
[PlyCount "190"]
[EventDate "2012.09.29"]

1. d4 g6 2. e4 Bg7 3. c3 d6 4. Nf3 Nd7 5. Bc4 e6 6. h3 Ne7 7. Bb3 b6 8. O-O Bb7
9. Re1 h6 10. Nbd2 O-O 11. Nf1 Kh7 12. Ng3 c5 13. Be3 Qc7 14. Bc2 Rac8 15. Bd3
Rce8 16. h4 f5 17. exf5 exf5 18. Bf4 Nd5 19. Qd2 Nxf4 20. Qxf4 Ne5 21. dxe5
dxe5 22. Qa4 e4 23. h5 Rd8 24. hxg6+ Kh8 25. Be2 exf3 26. Bxf3 Bxf3 27. gxf3
Qd6 28. Rad1 Qxg6 29. Qf4 Rxd1 30. Rxd1 Qf7 31. Rd6 Kh7 32. a4 Qe7 33. Nh5 Qf7
34. Ng3 Qb7 35. Kg2 Kh8 36. c4 Qe7 37. b3 Qe8 38. Rd5 Qg6 39. a5 Qe6 40. Rd6
Qe7 41. axb6 axb6 42. Rxb6 Kh7 43. Rc6 Rf7 44. Nh5 Bf8 45. Qg3 Qg5 46. Qxg5
hxg5 47. Rb6 Be7 48. Ng3 Kg7 49. Nf1 Rf6 50. Rb7 Re6 51. Ne3 Kg6 52. Nd5 Bf6
53. f4 Bd4 54. fxg5 Kxg5 55. Kg3 Re2 56. f4+ Kg6 57. Ne7+ Kf6 58. Nd5+ Kg6 59.
Re7 Rb2 60. Re6+ Kf7 61. Rb6 Bf2+ 62. Kh3 Bd4 63. Kh4 Rg2 64. Kh5 Rg3 65. Rb7+
Ke6 66. Rb6+ Kf7 67. Kh4 Bf2 68. Kh5 Bd4 69. Rb8 Rg1 70. Rb7+ Ke6 71. Re7+ Kd6
72. Re8 Kd7 73. Re2 Rg3 74. Ra2 Ke6 75. Ra6+ Kf7 76. b4 cxb4 77. Nxb4 Bf6 78.
Ra7+ Be7 79. Rxe7+ Kxe7 80. Nd5+ Kd6 81. Kh6 Rg1 82. Kh5 Ke6 83. Nc7+ Kd6 84.
Nd5 Rg4 85. Ne3 Rxf4 86. Kg5 Ke5 87. c5 Rf3 88. Nc4+ Ke6 89. Nd6 Rc3 90. Nb5
Rxc5 91. Nd4+ Ke5 92. Nf3+ Ke4 93. Nd2+ Kd3 94. Nf3 Ke3 95. Nh4 Ke4 0-1

[Event "PRVA LIGA  CENTRALNE SRBIJE"]
[Site "Vrnjacka Banja"]
[Date "2012.10.01"]
[Round "4.1"]
[White "Todorovic, Goran N"]
[Black "Marinkovic, Ivan"]
[Result "1/2-1/2"]
[WhiteElo "2388"]
[BlackElo "2443"]
[PlyCount "21"]
[EventDate "2012.09.29"]

1. c4 Nf6 2. Nc3 e5 3. Nf3 Nc6 4. e3 Be7 5. d4 exd4 6. Nxd4 O-O 7. Be2 Bb4 8.
O-O Bxc3 9. bxc3 Na5 10. Nb3 Nc6 11. Nd4 1/2-1/2

[Event "PRVA LIGA  CENTRALNE SRBIJE"]
[Site "Vrnjacka Banja"]
[Date "2012.10.01"]
[Round "4.1"]
[White "Vucicevic, Moma"]
[Black "Djokic, Nenad"]
[Result "1-0"]
[WhiteElo "2313"]
[BlackElo "2401"]
[PlyCount "83"]
[EventDate "2012.09.29"]

1. d4 Nf6 2. c4 c5 3. d5 b5 4. cxb5 a6 5. e3 g6 6. Nc3 Bg7 7. a4 O-O 8. Nf3 d6
9. h3 Nbd7 10. Bd2 Ne8 11. bxa6 Nc7 12. e4 Bxa6 13. Bxa6 Rxa6 14. O-O Qb8 15.
Qc2 Qb7 16. Rfb1 Rb8 17. b3 Rb6 18. Ra3 Qa6 19. a5 R6b7 20. Ra4 Ne5 21. Nxe5
Bxe5 22. Be1 e6 23. dxe6 Nxe6 24. Ne2 h5 25. Rc4 Kg7 26. Bc3 f6 27. Bd2 h4 28.
f4 Nd4 29. Nxd4 Bxd4+ 30. Kh1 Re7 31. Bc3 Bxc3 32. Qxc3 Rbe8 33. b4 cxb4 34.
Qxb4 Rb8 35. Qxb8 Qxc4 36. Qxd6 Qxe4 37. Ra1 Rb7 38. Qd2 Rb3 39. Re1 Qa8 40.
Re7+ Kh6 41. Qd7 Qh8 42. Qg4 1-0

[Event "PRVA LIGA  CENTRALNE SRBIJE"]
[Site "Vrnjacka Banja"]
[Date "2012.10.01"]
[Round "4.2"]
[White "Pantelic, Sasa"]
[Black "Petkov, Vladimir"]
[Result "1/2-1/2"]
[WhiteElo "2328"]
[BlackElo "2522"]
[PlyCount "120"]
[EventDate "2012.09.29"]

1. d4 Nf6 2. Nf3 e6 3. Bg5 c5 4. c3 Nc6 5. e3 Qb6 6. Qc2 Be7 7. Nbd2 d5 8. Bd3
h6 9. Bh4 Bd7 10. O-O Rc8 11. Qb1 cxd4 12. exd4 Nh5 13. Bxe7 Nxe7 14. Ne5 Bb5
15. Ndf3 Nf4 16. Bxb5+ Qxb5 17. g3 Nfg6 18. Re1 O-O 19. Qc2 Nxe5 20. Nxe5 Nf5
21. Qb3 Qa6 22. Nd7 Rfe8 23. Ne5 Nd6 24. Kg2 Rc7 25. Qd1 Qb5 26. Qe2 Qxe2 27.
Rxe2 f6 28. Nd3 g5 29. Rae1 Kf7 30. f3 h5 31. h4 gxh4 32. gxh4 Nf5 33. Kf2 Rce7
34. Nf4 Nxh4 35. Rh1 Ng6 36. Nxh5 Rh8 37. Ree1 Ree8 38. Rd1 Reg8 39. Ke3 b5 40.
Nf4 Nxf4 41. Kxf4 a5 42. Rxh8 Rxh8 43. Rd2 Rh4+ 44. Ke3 Kg6 45. b3 Kf5 46. Rg2
Rh1 47. Rg8 Rc1 48. Kd3 b4 49. cxb4 axb4 50. Rb8 Rc3+ 51. Ke2 Rc2+ 52. Ke3 Rxa2
53. Rxb4 Ra6 54. Rb8 Rc6 55. Kd3 Kf4 56. b4 Ra6 57. b5 Ra3+ 58. Kc2 Kxf3 59.
Re8 Ra5 60. Rxe6 Rxb5 1/2-1/2

[Event "PRVA LIGA  CENTRALNE SRBIJE"]
[Site "Vrnjacka Banja"]
[Date "2012.10.01"]
[Round "4.2"]
[White "Tosic, Miroslav"]
[Black "Radovanovic, Jovica"]
[Result "1-0"]
[WhiteElo "2421"]
[BlackElo "2341"]
[PlyCount "75"]
[EventDate "2012.09.29"]

1. Nf3 c5 2. g3 Nc6 3. Bg2 g6 4. c4 Bg7 5. Nc3 d6 6. O-O Nd4 7. Ne1 h5 8. e3
Nc6 9. h3 e5 10. Nd5 Nge7 11. d3 Nxd5 12. cxd5 Ne7 13. e4 h4 14. g4 Bd7 15. f4
Qb6 16. Nf3 c4+ 17. Rf2 cxd3 18. Qxd3 Bb5 19. Qb3 Nc8 20. Be3 Qa6 21. Rc1 O-O
22. f5 Nb6 23. Nxh4 Kh7 24. Bf1 Bxf1 25. Rcxf1 Nd7 26. f6 Bh8 27. g5 Rac8 28.
Rc2 Rxc2 29. Qxc2 Qxa2 30. Nf3 Qa6 31. Nh2 b6 32. Ng4 Rc8 33. Qf2 Qd3 34. Qh4+
Kg8 35. Nh6+ Kf8 36. Nf5 Bxf6 37. gxf6 Nxf6 38. Qh8+ 1-0

[Event "PRVA LIGA  CENTRALNE SRBIJE"]
[Site "Vrnjacka Banja"]
[Date "2012.10.01"]
[Round "4.2"]
[White "Bozovic, Nikola"]
[Black "Paunovic, Tomislav"]
[Result "1/2-1/2"]
[WhiteElo "2252"]
[BlackElo "2333"]
[PlyCount "117"]
[EventDate "2012.09.29"]

1. d4 g6 2. c4 Bg7 3. e4 d6 4. Nc3 f5 5. h4 Nf6 6. h5 Nxe4 7. hxg6 hxg6 8.
Rxh8+ Bxh8 9. Nf3 Nc6 10. d5 Nxc3 11. bxc3 Ne5 12. Ng5 c6 13. Be2 Qa5 14. Kf1
Bd7 15. Rb1 O-O-O 16. Qb3 b6 17. c5 dxc5 18. Bf4 c4 19. Bxc4 cxd5 20. Be2 Nc6
21. Nf7 e5 22. Nxd8 Nxd8 23. Bg5 Ne6 24. Be7 Nf4 25. Bb4 Qa4 26. Qxa4 Bxa4 27.
Bd6 Kb7 28. g3 Ne6 29. Rb4 Be8 30. Rh4 Bg7 31. Rh7 Kc6 32. Bb8 e4 33. Ba6 Bf7
34. c4 Bg8 35. cxd5+ Kxd5 36. Rh1 Nc5 37. Bb5 a6 38. Be8 Ke6 39. Bxg6 Kf6 40.
Be8 Bxa2 41. Ba7 Bc4+ 42. Kg2 e3 43. Bxb6 exf2 44. Kxf2 Ne4+ 45. Kf3 Bd5 46.
Kf4 Ke6 47. Ba7 Nf6 48. Re1+ Be4 49. g4 Bh6+ 50. g5 Nd5+ 51. Kg3 Bxg5 52. Bb8
Bd2 53. Ra1 a5 54. Bc6 f4+ 55. Kh3 f3 56. Bxd5+ Bxd5 57. Bc7 f2 58. Rf1 Be3 59.
Kg3 1/2-1/2

[Event "PRVA LIGA  CENTRALNE SRBIJE"]
[Site "Vrnjacka Banja"]
[Date "2012.10.01"]
[Round "4.2"]
[White "Nikolic, Boban"]
[Black "Misic, Dragan"]
[Result "1-0"]
[WhiteElo "2235"]
[BlackElo "2294"]
[PlyCount "69"]
[EventDate "2012.09.29"]

1. c4 Nf6 2. g3 c5 3. Bg2 Nc6 4. Nc3 g6 5. Nf3 Bg7 6. d4 cxd4 7. Nxd4 O-O 8.
Nc2 d6 9. b3 Bf5 10. O-O Ne4 11. Nxe4 Bxa1 12. Nxa1 Qd7 13. Nc2 Bh3 14. Ne3
Bxg2 15. Kxg2 Qe6 16. Qd5 Qxd5 17. Nxd5 f6 18. Bb2 b6 19. f4 Rac8 20. a3 h6 21.
b4 f5 22. Nd2 Kf7 23. e4 e6 24. Ne3 Ne7 25. Kf3 Rfd8 26. exf5 gxf5 27. Nb3 Ng8
28. Rd1 h5 29. a4 Ne7 30. Ba3 d5 31. c5 bxc5 32. Nxc5 Nc6 33. b5 Na5 34. Bb4
Kf6 35. Bxa5 1-0

[Event "PRVA LIGA  CENTRALNE SRBIJE"]
[Site "Vrnjacka Banja"]
[Date "2012.10.01"]
[Round "4.3"]
[White "Boskovic, Drasko"]
[Black "Djukic, Zeljko"]
[Result "1-0"]
[WhiteElo "2431"]
[BlackElo "2405"]
[PlyCount "101"]
[EventDate "2012.09.29"]

1. d4 c5 2. d5 d6 3. Nc3 Nf6 4. e4 g6 5. f4 Bg7 6. Nf3 O-O 7. Be2 b5 8. e5 dxe5
9. fxe5 Ng4 10. d6 b4 11. Qd5 bxc3 12. Qxa8 Qb6 13. dxe7 Re8 14. b4 cxb4 15.
Qd5 Qf2+ 16. Kd1 Rxe7 17. Qd8+ Bf8 18. Rf1 Qc5 19. Ke1 Nd7 20. Bf4 Kg7 21. Rd1
Ne3 22. Bxe3 Qxe3 23. Qxc8 Nxe5 24. Nxe5 Qxe5 25. Qa6 Qxh2 26. Qf6+ Kg8 27. Rd8
Qg3+ 28. Kd1 Rc7 29. Rf3 Qh2 30. Bc4 Qh1+ 31. Rf1 Qh5+ 32. Kc1 Qh6+ 33. Kb1 Qg7
34. Qf4 Re7 35. Qb8 h5 36. Qxb4 Kh7 37. Qb8 f5 38. Bb3 Rb7 39. Qc8 Rc7 40. Qe6
Re7 41. Qd5 Kh6 42. a4 Re4 43. Rd7 Re7 44. Rd1 Kg5 45. Rxe7 Qxe7 46. Qd8 Qxd8
47. Rxd8 Bc5 48. a5 h4 49. Rc8 Bd4 50. Rc6 f4 51. Be6 1-0

[Event "PRVA LIGA  CENTRALNE SRBIJE"]
[Site "Vrnjacka Banja"]
[Date "2012.10.01"]
[Round "4.3"]
[White "Ilic, Zoran S"]
[Black "Misailovic, Nebojsa"]
[Result "1-0"]
[WhiteElo "2311"]
[BlackElo "2313"]
[PlyCount "83"]
[EventDate "2012.09.29"]

1. d4 Nf6 2. Nf3 g6 3. c4 Bg7 4. g3 O-O 5. Bg2 d5 6. cxd5 Qxd5 7. Nc3 Qh5 8. h3
Qa5 9. O-O Rd8 10. Qc2 c5 11. dxc5 Na6 12. Be3 Nb4 13. Qc1 Be6 14. Nd4 Bd5 15.
a3 Nc6 16. b4 Qc7 17. Nf3 Ne5 18. Nxe5 Bxg2 19. Kxg2 Qxe5 20. Rb1 b6 21. Bf4
Qe6 22. Qe3 Qc6+ 23. Qf3 Qxf3+ 24. Kxf3 bxc5 25. bxc5 Nh5 26. Rfc1 Nxf4 27.
gxf4 Rac8 28. Ne4 f5 29. Ng3 Rc7 30. Rc4 Kf7 31. e3 Rd3 32. a4 Rd5 33. c6 Rd6
34. Rb7 Rxb7 35. cxb7 Rb6 36. Rc7 a5 37. Nf1 Rb3 38. Nd2 Rb4 39. Nc4 Bc3 40.
Nxa5 Be1 41. Ke2 Rb1 42. Nc6 1-0

[Event "PRVA LIGA  CENTRALNE SRBIJE"]
[Site "Vrnjacka Banja"]
[Date "2012.10.01"]
[Round "4.3"]
[White "Colovic, Dusan"]
[Black "Mitrovic, Darko R"]
[Result "0-1"]
[WhiteElo "2383"]
[BlackElo "2266"]
[PlyCount "81"]
[EventDate "2012.09.29"]

1. d4 Nf6 2. Nc3 d5 3. Bf4 a6 4. e3 e6 5. Nf3 Nbd7 6. Nb1 c5 7. c3 Be7 8. Nbd2
O-O 9. Ne5 Nxe5 10. dxe5 Nd7 11. Bd3 Qc7 12. Bc2 Nxe5 13. Qh5 f5 14. h3 Bd6 15.
O-O-O b5 16. Qe2 c4 17. Bxe5 Bxe5 18. f4 Bf6 19. Nf3 a5 20. g4 b4 21. Nd4 bxc3
22. bxc3 e5 23. fxe5 Qxe5 24. gxf5 Bd7 25. Kd2 Rae8 26. h4 Re7 27. Qf3 Rfe8 28.
Rde1 Qd6 29. Qg2 Bxd4 30. cxd4 c3+ 31. Kd1 Rxe3 32. Rxe3 Rxe3 33. Rg1 Re7 34.
Qf3 Qh2 35. Qxd5+ Kf8 36. Qg2 Qxh4 37. f6 Qxd4+ 38. Kc1 Qe3+ 39. Kb1 Qb6+ 40.
Kc1 Qb2+ 41. Kd1 0-1

[Event "PRVA LIGA  CENTRALNE SRBIJE"]
[Site "Vrnjacka Banja"]
[Date "2012.10.01"]
[Round "4.3"]
[White "Djokic, Vladan"]
[Black "Civric, Zdravko"]
[Result "1-0"]
[WhiteElo "2334"]
[BlackElo "2215"]
[PlyCount "59"]
[EventDate "2012.09.29"]

1. c4 c5 2. Nc3 Nc6 3. g3 g6 4. Bg2 Bg7 5. Nf3 d6 6. O-O Nh6 7. a3 Nf5 8. Rb1
h5 9. h4 O-O 10. d3 Rb8 11. Bg5 Re8 12. Nd5 Nfd4 13. Nxd4 Nxd4 14. b4 Bg4 15.
Re1 b5 16. bxc5 dxc5 17. cxb5 Rxb5 18. Rxb5 Nxb5 19. Qc1 Qd6 20. Ne3 Bd7 21.
Nc4 Qe6 22. Qe3 Bd4 23. Qxe6 Bxe6 24. Bc6 Rb8 25. Rb1 a6 26. a4 Rc8 27. axb5
axb5 28. Bxb5 Rb8 29. Bf4 Rb6 30. Nxb6 1-0

[Event "PRVA LIGA  CENTRALNE SRBIJE"]
[Site "Vrnjacka Banja"]
[Date "2012.10.01"]
[Round "4.3"]
[White "Knezevic, Veljko"]
[Black "Stankovic, Dejan"]
[Result "0-1"]
[WhiteElo "1915"]
[BlackElo "2267"]
[PlyCount "64"]
[EventDate "2012.09.29"]

1. e4 e5 2. Nf3 Nf6 3. Nxe5 d6 4. Nf3 Nxe4 5. d4 d5 6. Bd3 Nc6 7. O-O Bg4 8. c3
Be7 9. h3 Bh5 10. Bf4 O-O 11. Nbd2 f5 12. Qb3 Rb8 13. Rfe1 Kh8 14. Qc2 Bd6 15.
Bxd6 Qxd6 16. a3 Qf4 17. Qc1 g5 18. Nb3 Qd6 19. Nxg5 Qf6 20. h4 h6 21. Nh3 Rg8
22. Bf1 Bg4 23. Nf4 Qxh4 24. g3 Bf3 25. Bg2 Nxg3 26. fxg3 Rxg3 27. Qc2 Rbg8 28.
Re6 Nd8 29. Ree1 Nf7 30. Re6 Ng5 31. Ree1 Bxg2 32. Nxg2 Nf3+ 0-1

[Event "PRVA LIGA  CENTRALNE SRBIJE"]
[Site "Vrnjacka Banja"]
[Date "2012.10.01"]
[Round "4.4"]
[White "Radovanovic, Dusan"]
[Black "Ivanovic, Dragutin"]
[Result "1-0"]
[WhiteElo "2359"]
[BlackElo "2371"]
[PlyCount "71"]
[EventDate "2012.09.29"]

1. d4 d5 2. c4 e6 3. Nc3 c5 4. cxd5 cxd4 5. Qxd4 Nc6 6. Qd1 exd5 7. Qxd5 Bd7 8.
Nf3 Nf6 9. Qd1 Bc5 10. e3 Qc7 11. Be2 O-O-O 12. O-O g5 13. b4 Bxb4 14. Bb2 Be7
15. Nb5 Qb6 16. Bxf6 Bxf6 17. Nd6+ Kb8 18. Rb1 Nb4 19. Nxf7 Bf5 20. Qa4 Bxb1
21. Rxb1 a5 22. Nxh8 Bxh8 23. a3 Qc6 24. Qxa5 Nd5 25. Ba6 b6 26. Bd3 Qb7 27.
Qd2 Nc3 28. Rb3 Rc8 29. h3 h5 30. Nd4 Na4 31. Bf5 Rc5 32. Bg6 Qd5 33. Rb4 Ra5
34. Be8 Bxd4 35. Rxd4 Qe5 36. Bxa4 1-0

[Event "PRVA LIGA  CENTRALNE SRBIJE"]
[Site "Vrnjacka Banja"]
[Date "2012.10.01"]
[Round "4.4"]
[White "Marcetic, Nikola"]
[Black "Sandic, Vladeta"]
[Result "1/2-1/2"]
[WhiteElo "2382"]
[BlackElo "2338"]
[PlyCount "57"]
[EventDate "2012.09.29"]

1. d4 Nf6 2. c4 e6 3. Nc3 d5 4. Bg5 Be7 5. e3 O-O 6. Nf3 Nbd7 7. Qc2 c5 8. dxc5
Qa5 9. cxd5 Nxd5 10. Bxe7 Nxe7 11. Ng5 Nf6 12. Bd3 h6 13. Nh7 Nxh7 14. Bxh7+
Kh8 15. Be4 Qxc5 16. O-O f5 17. Bf3 e5 18. Rac1 e4 19. Be2 Be6 20. Nb5 Qxc2 21.
Rxc2 Rac8 22. Rfc1 Rxc2 23. Rxc2 Rc8 24. Rxc8+ Nxc8 25. a3 g6 26. Nd4 Bd7 27.
h3 Nd6 28. Kf1 Kg7 29. Ke1 1/2-1/2

[Event "PRVA LIGA  CENTRALNE SRBIJE"]
[Site "Vrnjacka Banja"]
[Date "2012.10.01"]
[Round "4.5"]
[White "Atalik, Suat"]
[Black "Kasparov, Sergey"]
[Result "1/2-1/2"]
[WhiteElo "2603"]
[BlackElo "2482"]
[PlyCount "201"]
[EventDate "2012.09.29"]

1. d4 Nf6 2. c4 c5 3. d5 b5 4. cxb5 a6 5. bxa6 g6 6. Nc3 Bxa6 7. Nf3 d6 8. e4
Bxf1 9. Kxf1 Bg7 10. g3 Nbd7 11. Kg2 O-O 12. a4 Qb6 13. Ra3 Rfb8 14. Qc2 Ne8
15. h4 h5 16. Nb5 Nc7 17. Nxc7 Qxc7 18. b3 Rb7 19. Bd2 Qb8 20. Rb1 Raa7 21. a5
Rc7 22. Ra4 Qc8 23. Rc4 Nb8 24. b4 cxb4 25. Rbxb4 Na6 26. Ra4 Nc5 27. Ra2 Na6
28. Rc6 Rxc6 29. Qxc6 Qxc6 30. dxc6 Rc7 31. Rc2 Nc5 32. Be3 Rxc6 33. Nd2 Rc7
34. Bxc5 dxc5 35. Nc4 Bd4 36. Ra2 Ra7 37. a6 Kf8 38. Ra4 e5 39. Nd6 Ra8 40. a7
c4 41. Nxc4 f6 42. Ra6 Kg7 43. f4 Rxa7 44. Rxa7+ Bxa7 45. f5 Bc5 46. Kf3 Kh6
47. fxg6 Kxg6 48. g4 Kh6 49. Kg3 Kg6 50. Kh3 Kh6 51. Nd2 Bf2 52. Nf3 Kg6 53. g5
Be3 54. gxf6 Kxf6 55. Kg2 Bf4 56. Kf2 Ke6 57. Ng1 Kf6 58. Ne2 Bd2 59. Ng3 Kg6
60. Ke2 Ba5 61. Kd3 Be1 62. Nf5 Kf6 63. Kc4 Bf2 64. Kd5 Be1 65. Kd6 Bf2 66. Kd5
Be1 67. Kc4 Bf2 68. Kd3 Be1 69. Ke2 Ba5 70. Kf2 Bb6+ 71. Kg2 Bc5 72. Ng3 Kg6
73. Nf1 Kf6 74. Nd2 Bb4 75. Nf3 Ba5 76. Kf1 Bb6 77. Ke2 Ke6 78. Ng5+ Kf6 79.
Kd3 Bf2 80. Nf3 Ke6 81. Kc4 Bg3 82. Kc5 Bf2+ 83. Kc6 Bg3 84. Kb5 Bf2 85. Kc4
Bg3 86. Kd3 Bf2 87. Ke2 Bb6 88. Ne1 Bd8 89. Nf3 Bb6 90. Ng5+ Kf6 91. Kd3 Bf2
92. Nf3 Ke6 93. Kc4 Bg3 94. Kc5 Bf2+ 95. Kc6 Bg3 96. Kc7 Bf2 97. Kc6 Bg3 98.
Ng5+ Kf6 99. Nf3 Ke6 100. Ng5+ Kf6 101. Nf3 1/2-1/2

[Event "PRVA LIGA  CENTRALNE SRBIJE"]
[Site "Vrnjacka Banja"]
[Date "2012.10.01"]
[Round "4.5"]
[White "Marinkovic, Slavisa"]
[Black "Brankovic, Dejan"]
[Result "1/2-1/2"]
[WhiteElo "2398"]
[BlackElo "2337"]
[PlyCount "44"]
[EventDate "2012.09.29"]

1. e4 c5 2. Nf3 d6 3. d4 cxd4 4. Nxd4 Nf6 5. Nc3 g6 6. g3 Nc6 7. Nde2 Rb8 8. a4
Bg7 9. Bg2 O-O 10. O-O a6 11. Nd5 b5 12. axb5 axb5 13. Bg5 Nd7 14. c3 h6 15.
Be3 e6 16. Nb4 Nxb4 17. cxb4 Ne5 18. Bd4 Bb7 19. Ra5 Qd7 20. Nc3 Bc6 21. b3 f5
22. Qd2 fxe4 1/2-1/2

[Event "PRVA LIGA  CENTRALNE SRBIJE"]
[Site "Vrnjacka Banja"]
[Date "2012.10.01"]
[Round "4.5"]
[White "Jevtic, Sasa"]
[Black "Zivkovic, Sava"]
[Result "0-1"]
[WhiteElo "2288"]
[BlackElo "2351"]
[PlyCount "104"]
[EventDate "2012.09.29"]

1. c4 e5 2. Nc3 Nf6 3. g3 Bc5 4. Bg2 Nc6 5. e3 O-O 6. Nge2 Re8 7. d3 d6 8. O-O
a6 9. a3 Rb8 10. b4 Ba7 11. Bb2 Ne7 12. d4 Be6 13. Qd3 c6 14. Rfd1 b5 15. dxe5
dxe5 16. Qc2 Qc7 17. c5 Rbd8 18. h3 a5 19. Rxd8 Rxd8 20. Rd1 Bb8 21. Nc1 axb4
22. axb4 Qc8 23. Kh2 h5 24. Rxd8+ Qxd8 25. Qd3 Qxd3 26. Nxd3 Bc4 27. Ne1 Nfd5
28. Nc2 Bb3 29. Na1 Bc4 30. Nc2 f5 31. Kg1 e4 32. Nxd5 Nxd5 33. Bf1 Bd3 34. Nd4
Bxf1 35. Kxf1 Be5 36. Ba3 Bxd4 37. exd4 g5 38. Bc1 f4 39. Bd2 Kf7 40. h4 Kg6
41. hxg5 e3 42. fxe3 fxe3 43. Bc1 Kxg5 44. Ke2 Kg4 45. Bxe3 Kxg3 46. Bf2+ Kf4
47. Be1 Ke4 48. Kf2 Kxd4 49. Kg3 Kc4 50. Kh4 Nxb4 51. Kxh5 Nd3 52. Bh4 b4 0-1

[Event "PRVA LIGA  CENTRALNE SRBIJE"]
[Site "Vrnjacka Banja"]
[Date "2012.10.01"]
[Round "4.5"]
[White "Begus, Drasko"]
[Black "Cvetanovic, Uros"]
[Result "1-0"]
[WhiteElo "2314"]
[BlackElo "2229"]
[PlyCount "91"]
[EventDate "2012.09.29"]

1. d4 Nf6 2. g3 e6 3. Bg2 c5 4. Nf3 Nc6 5. O-O Qc7 6. c4 cxd4 7. Nxd4 Nxd4 8.
Qxd4 Bc5 9. Qd3 d6 10. Nc3 Bd7 11. Bg5 Bc6 12. Bxc6+ Qxc6 13. Bxf6 gxf6 14. a3
Rc8 15. b4 Bb6 16. Ne4 Ke7 17. b5 Qd7 18. Rfd1 Bc5 19. Qc3 e5 20. Qf3 f5 21.
Nc3 h5 22. Nd5+ Kf8 23. h4 Qe6 24. e3 Kg7 25. a4 Kh6 26. a5 Rhg8 27. b6 axb6
28. axb6 f4 29. exf4 e4 30. Qg2 Rg4 31. Re1 f5 32. Ra7 Rcg8 33. Kf1 R8g7 34.
Ra8 Kh7 35. Rf8 R7g6 36. Rb8 Qf7 37. Rc8 Rg7 38. Rc7 Qf8 39. f3 exf3 40. Qxf3
Kh6 41. Re6+ R4g6 42. Qe2 Qa8 43. Rxg7 Qa1+ 44. Qe1 Qxg7 45. Ne7 Qd4 46. Nxf5+
1-0

[Event "PRVA LIGA  CENTRALNE SRBIJE"]
[Site "Vrnjacka Banja"]
[Date "2012.10.01"]
[Round "4.5"]
[White "Mladenovic, Stefan"]
[Black "Ignjatovic, Predrag"]
[Result "1-0"]
[WhiteElo "2264"]
[BlackElo "2294"]
[PlyCount "71"]
[EventDate "2012.09.29"]

1. d4 Nf6 2. c4 e6 3. Nf3 b6 4. g3 Bb7 5. Bg2 Bb4+ 6. Bd2 Bxd2+ 7. Qxd2 d6 8.
Nc3 Qe7 9. O-O Nbd7 10. d5 e5 11. Nh4 g6 12. f4 exf4 13. Qxf4 Nh5 14. Qd4 O-O
15. Nd1 Rae8 16. Nf2 Qe3 17. Nf3 Qxd4 18. Nxd4 Nhf6 19. Nd3 Kg7 20. b4 Ng4 21.
Bh3 Nde5 22. Nxe5 Nxe5 23. Rfc1 Re7 24. a4 a5 25. bxa5 bxa5 26. Nb3 Ra8 27.
Rab1 c6 28. c5 cxd5 29. cxd6 Ree8 30. d7 Red8 31. Nxa5 Rxa5 32. Rxb7 Kf6 33.
Rc8 Ra8 34. Rbc7 Nxd7 35. Rxa8 Rxa8 36. Bxd7 1-0

[Event "PRVA LIGA  CENTRALNE SRBIJE"]
[Site "Vrnjacka Banja"]
[Date "2012.10.01"]
[Round "4.5"]
[White "Savic, Dragan"]
[Black "Zajic, Milan"]
[Result "0-1"]
[WhiteElo "2119"]
[BlackElo "2212"]
[PlyCount "144"]
[EventDate "2012.09.29"]

1. c3 Nf6 2. d4 d5 3. Nd2 Bf5 4. Ngf3 e6 5. Nh4 Bg4 6. h3 Bh5 7. g4 Bg6 8. Nxg6
hxg6 9. Bg2 c6 10. Qc2 Bd6 11. e4 dxe4 12. Nxe4 Nxe4 13. Qxe4 Nd7 14. O-O g5
15. f4 gxf4 16. Bxf4 Bxf4 17. Qxf4 O-O 18. Rae1 Qb6 19. Rf2 Rad8 20. g5 c5 21.
Qh4 cxd4 22. cxd4 Rfe8 23. Ref1 f5 24. Kh1 g6 25. Rf4 Nf8 26. Re1 Qxb2 27. d5
Qd2 28. Rd4 Qc3 29. Rc4 Qa5 30. Rec1 Rd7 31. Rc5 Qd2 32. R5c2 Qe3 33. Rc8 exd5
34. Rxe8 Qxe8 35. Qd4 Qd8 36. h4 Kh7 37. Re1 Re7 38. Rd1 Qb6 39. Qxb6 axb6 40.
Rxd5 Rc7 41. Rd6 Nd7 42. Bd5 Kg7 43. Be6 Nc5 44. Rxb6 Nxe6 45. Rxe6 Rc4 46.
Re7+ Kf8 47. Rh7 b5 48. Kg2 Kg8 49. Rb7 Rxh4 50. Rxb5 Rg4+ 51. Kf3 Rxg5 52. Rb7
Rg4 53. Ra7 Rc4 54. a4 Rb4 55. Ke3 g5 56. Ra5 Re4+ 57. Kd3 Rf4 58. Ra7 g4 59.
Ke3 Re4+ 60. Kf2 f4 61. Kg2 Re2+ 62. Kf1 Ra2 63. Ra5 Kh7 64. Rg5 g3 65. a5 Kh6
66. Rg4 Rf2+ 67. Kg1 Kh5 68. Rg7 Ra2 69. a6 Rxa6 70. Kh1 Ra2 71. Rb7 Kg4 72.
Rb1 Kh3 0-1

[Event "PRVA LIGA  CENTRALNE SRBIJE"]
[Site "Vrnjacka Banja"]
[Date "2012.10.01"]
[Round "4.6"]
[White "Stojanovic, Mihajlo"]
[Black "Milenkovic, Mladen"]
[Result "1-0"]
[WhiteElo "2572"]
[BlackElo "2404"]
[PlyCount "71"]
[EventDate "2012.09.29"]

1. c4 Nf6 2. Nc3 g6 3. e4 e5 4. Nf3 d6 5. d4 exd4 6. Nxd4 Bg7 7. Be2 O-O 8. Be3
Re8 9. f3 Nc6 10. Qd2 Nxd4 11. Bxd4 Be6 12. O-O c6 13. Rad1 Qa5 14. Kh1 Qc7 15.
f4 c5 16. Bxf6 Bxf6 17. Nb5 Qb6 18. f5 gxf5 19. exf5 Bd7 20. Nxd6 Re7 21. Bf3
Bc6 22. Bxc6 Qxc6 23. Qh6 Bg7 24. Qxg7+ Kxg7 25. f6+ Kf8 26. fxe7+ Kxe7 27.
Rxf7+ Ke6 28. Re1+ Kxd6 29. Rf6+ Kd7 30. Rxc6 bxc6 31. Re5 Kd6 32. Rh5 Re8 33.
Rh6+ Ke5 34. Rxh7 Kd4 35. h4 Kxc4 36. Rxa7 1-0

[Event "PRVA LIGA  CENTRALNE SRBIJE"]
[Site "Vrnjacka Banja"]
[Date "2012.10.01"]
[Round "4.6"]
[White "Organdziev, Oliver"]
[Black "Nestorovic, Nikola"]
[Result "1/2-1/2"]
[WhiteElo "2311"]
[BlackElo "2430"]
[PlyCount "64"]
[EventDate "2012.09.29"]

1. e4 e5 2. Nf3 Nc6 3. Bb5 a6 4. Ba4 Nge7 5. c3 g6 6. d4 exd4 7. Nxd4 b5 8. Bc2
Bg7 9. Nxc6 Nxc6 10. O-O O-O 11. Nd2 d6 12. Nb3 Ne5 13. f4 Nc4 14. Qd3 Bb7 15.
Nd2 Re8 16. Nxc4 Bxe4 17. Qxe4 Rxe4 18. Bxe4 d5 19. Rd1 c6 20. Ne3 Qb6 21. Bf3
Re8 22. Kh1 Rxe3 23. Bxe3 Qxe3 24. Rf1 Qd2 25. Rab1 a5 26. a3 Bf8 27. g3 Bd6
28. Rfd1 Qc2 29. Rdc1 Qf2 30. Rf1 Qc2 31. Rfc1 Qd3 32. Rf1 Qc2 1/2-1/2

[Event "PRVA LIGA  CENTRALNE SRBIJE"]
[Site "Vrnjacka Banja"]
[Date "2012.10.01"]
[Round "4.6"]
[White "Todorovic, Jovan"]
[Black "Prelevic, Dusko"]
[Result "1-0"]
[WhiteElo "2427"]
[BlackElo "2337"]
[PlyCount "51"]
[EventDate "2012.09.29"]

1. e4 c6 2. d4 d5 3. exd5 cxd5 4. c4 Nf6 5. Nc3 Be6 6. Nge2 dxc4 7. Nf4 Bg4 8.
f3 Bd7 9. Bxc4 e6 10. d5 e5 11. Nd3 Bd6 12. O-O O-O 13. Nf2 Qb6 14. Kh1 Rc8 15.
Bb3 Na6 16. Nfe4 Nxe4 17. Nxe4 Nc5 18. Be3 Qa6 19. Bxc5 Bxc5 20. d6 Bd4 21. f4
Bb5 22. fxe5 Bxf1 23. Qxd4 Bc4 24. d7 Bxb3 25. dxc8=Q+ Rxc8 26. Nc5 1-0

[Event "PRVA LIGA  CENTRALNE SRBIJE"]
[Site "Vrnjacka Banja"]
[Date "2012.10.01"]
[Round "4.6"]
[White "Dudukovic, Nikola"]
[Black "Lapcevic, Milos"]
[Result "1/2-1/2"]
[WhiteElo "2283"]
[BlackElo "2396"]
[PlyCount "84"]
[EventDate "2012.09.29"]

1. e4 c5 2. Nf3 e6 3. d4 cxd4 4. Nxd4 a6 5. Bd3 Bc5 6. Nb3 Ba7 7. Nc3 Nc6 8.
Qe2 d6 9. Bf4 Qc7 10. O-O-O Nge7 11. Kb1 O-O 12. h4 b5 13. Rd2 b4 14. Nd1 a5
15. Bb5 e5 16. Bg3 Be6 17. Ba4 Nc8 18. f4 Nd4 19. Nxd4 exd4 20. Bf2 Bc4 21. Qg4
f5 22. exf5 Nb6 23. Bb3 a4 24. Bxd4 axb3 25. axb3 Bb8 26. bxc4 Nxc4 27. Rd3 Rf7
28. f6 Ba7 29. Qf3 Qc8 30. Ne3 Nxe3 31. Bxe3 Bxe3 32. Rxe3 Qa6 33. Kc1 Rc8 34.
Rhe1 Qa4 35. Qe2 Rxf6 36. Re8+ Qxe8 37. Qxe8+ Rxe8 38. Rxe8+ Kf7 39. Re4 Rg6
40. Rxb4 Rxg2 41. Rd4 Rg4 42. b4 Ke7 1/2-1/2